ISeC 2015 proceedings : interdisciplinary scientific econference : international virtual conference : july 20 - 24, 2015

Salvato in:
Dettagli Bibliografici
Ente Autore: ISeC 2015. International virtual conference
Altri autori: Novák, Patrik, Vitkovská, Eva
Natura: Libro
Lingua:inglese
Pubblicazione: Bratislava Nexsys 2015
Edizione:1st ed.
Soggetti:
Tags: Aggiungi Tag
Nessun Tag, puoi essere il primo ad aggiungerne!!

MARC

LEADER 00000nlm a2200000 4500
001 0213042
005 20240416113813.9
020 |a 978-80-972051-0-2 
041 0 |a eng 
044 |a SK 
245 1 0 |a ISeC 2015  |b proceedings : interdisciplinary scientific econference : international virtual conference : july 20 - 24, 2015  |c editors: Patrik Novák, Eva Vitkovská 
250 |a 1st ed. 
264 1 |a Bratislava  |b Nexsys  |c 2015 
300 |a CD-ROM [292 s.] 
610 2 0 |a chémia 
610 2 0 |a ekonómia 
610 2 0 |a matematika 
610 2 0 |a energetika 
610 2 0 |a technológie nové 
610 2 0 |a technológie informačné 
610 2 0 |a manažment 
610 2 0 |a pedagogika 
610 2 0 |a fyzika 
610 2 0 |a psychológia 
610 2 0 |a práca sociálna 
700 1 |a Novák, Patrik 
700 1 |a Vitkovská, Eva 
110 2 |a ISeC 2015. International virtual conference